नर्वसनैस की होम्यो.. चिकित्सा / (Record no. 68038)

MARC details
000 -LEADER
fixed length control field 00837 aa a2200217 4500
005 - DATE AND TIME OF LATEST TRANSACTION
control field 20120618120217.0
010 ## - LCCN (DPL NO)
LC control number
020 ## - INTERNATIONAL STANDARD BOOK NUMBER
Terms of availability 30.00
International Standard Book Number
035 ## - SYSTEM CONTROL NUMBER
System control number B-76509
037 ## - SOURCE OF ACQUISITION
Source of stock number/acquisition pub
082 ## - DEWEY DECIMAL CLASSIFICATION NUMBER
Classification number 615.53
100 ## - MAIN ENTRY--PERSONAL NAME
Personal name दीक्षित, राजेश
245 ## - TITLE STATEMENT
Title नर्वसनैस की होम्यो.. चिकित्सा /
Statement of responsibility, etc राजेश दीक्षित
246 ## - VARYING FORM OF TITLE
Title proper/short title
Remainder of title
260 ## - PUBLICATION, DISTRIBUTION, ETC. (IMPRINT)
Place of publication, distribution, etc मथुरा
Name of publisher, distributor, etc भाषा भवन
Date of publication, distribution, etc 2002
270 ## - ADDRESS
Address
City
Postal code
300 ## - PHYSICAL DESCRIPTION
Extent 120पृ
Dimensions 22 सेमी (अजिल्द)
490 ## - SERIES STATEMENT
Series statement
-- 49248
942 ## - ADDED ENTRY ELEMENTS (KOHA)
Institution code [OBSOLETE] dpl
Item type Hindi Books
Call number prefix
Source of classification or shelving scheme Dewey Decimal Classification
Classification part 615.53
Call number suffix दीक्षित
Holdings
Withdrawn status Lost status Not for loan Collection code Home library Current library Date acquired Cost, normal purchase price Full call number Barcode Cost, replacement price Koha item type
      Non-fiction Sarojini Nagar Sarojini Nagar 18/06/2012 30.00 615.53 दीक्षित B-76509 30.00 Hindi Books

© Delhi Public Library
Hit Counter
free hit counter